[Event "DEM U12w 2025"]
[Site "Willingen GER"]
[Date "2025.06.08"]
[Round "2"]
[White "Birkenheier, Larissa"]
[Black "Jänsch, Layla"]
[Result "1-0"]
[Termination "normal"]
[Board "21"]
[WhiteElo "1486"]
[BlackElo "1095"]
[WhiteClock "00:06:37"]
[BlackClock "00:44:22"]
[PlyCount "99"]
[WhiteFideId "34626379"]
[BlackFideId "533043477"]
[EventCountry "GER"]
[EventRounds "9"]
[EventType "swiss"]
[EventDate "2025.06.07"]

1. e4 {[%clk 01:30:55]} {[%emt 00:00:04]} e5 {[%clk 01:30:55]} {[%emt
00:00:06]} 2. Nf3 {[%clk 01:30:57]} {[%emt 00:00:28]} Nc6 {[%clk 01:31:18]}
{[%emt 00:00:07]} 3. Bc4 {[%clk 01:30:59]} {[%emt 00:00:28]} Be7 {[%clk
01:31:38]} {[%emt 00:00:10]} 4. c3 {[%clk 01:30:13]} {[%emt 00:01:17]} Nf6
{[%clk 01:31:02]} {[%emt 00:01:04]} 5. d3 {[%clk 01:29:25]} {[%emt 00:01:19]}
O-O {[%clk 01:31:15]} {[%emt 00:00:17]} 6. O-O {[%clk 01:28:30]} {[%emt
00:01:25]} d5 {[%clk 01:31:07]} {[%emt 00:00:38]} 7. exd5 {[%clk 01:26:41]}
{[%emt 00:02:19]} Nxd5 {[%clk 01:31:24]} {[%emt 00:00:12]} 8. Re1 {[%clk
01:24:54]} {[%emt 00:02:18]} Bg4 {[%clk 01:29:26]} {[%emt 00:02:25]} 9. h3
{[%clk 01:22:46]} {[%emt 00:02:39]} Bh5 {[%clk 01:29:39]} {[%emt 00:00:17]} 10.
Nbd2 {[%clk 01:21:36]} {[%emt 00:01:41]} Nf4 {[%clk 01:25:21]} {[%emt
00:04:47]} 11. Ne4 {[%clk 01:17:34]} {[%emt 00:04:33]} Bh4 {[%clk 01:23:53]}
{[%emt 00:01:58]} 12. Ng3 {[%clk 01:01:29]} {[%emt 00:16:35]} Bxf3 {[%clk
01:21:14]} {[%emt 00:03:10]} 13. Qxf3 {[%clk 00:59:26]} {[%emt 00:02:33]} Qf6
{[%clk 01:20:29]} {[%emt 00:01:13]} 14. Bxf4 {[%clk 00:51:22]} {[%emt
00:08:35]} exf4 {[%clk 01:16:29]} {[%emt 00:04:29]} 15. Ne4 {[%clk 00:44:51]}
{[%emt 00:07:02]} Qh6 {[%clk 01:14:04]} {[%emt 00:02:54]} 16. d4 {[%clk
00:42:20]} {[%emt 00:03:02]} Kh8 {[%clk 01:11:45]} {[%emt 00:02:49]} 17. Nc5
{[%clk 00:37:14]} {[%emt 00:05:36]} b6 {[%clk 01:06:58]} {[%emt 00:05:15]} 18.
Nd3 {[%clk 00:33:08]} {[%emt 00:04:37]} Na5 {[%clk 01:06:43]} {[%emt 00:00:45]}
19. Bxf7 {[%clk 00:28:41]} {[%emt 00:04:58]} Rad8 {[%clk 01:05:14]} {[%emt
00:01:57]} 20. Ne5 {[%clk 00:25:09]} {[%emt 00:04:03]} Bf6 {[%clk 01:00:36]}
{[%emt 00:05:09]} 21. Bd5 {[%clk 00:19:08]} {[%emt 00:06:30]} Bxe5 {[%clk
00:55:32]} {[%emt 00:05:35]} 22. Rxe5 {[%clk 00:18:52]} {[%emt 00:00:46]} Rde8
{[%clk 00:52:42]} {[%emt 00:03:19]} 23. Rxe8 {[%clk 00:17:42]} {[%emt
00:01:42]} Rxe8 {[%clk 00:52:57]} {[%emt 00:00:15]} 24. b4 {[%clk 00:17:14]}
{[%emt 00:00:57]} c6 {[%clk 00:52:13]} {[%emt 00:01:14]} 25. bxa5 {[%clk
00:15:48]} {[%emt 00:01:56]} cxd5 {[%clk 00:52:33]} {[%emt 00:00:10]} 26. axb6
{[%clk 00:15:55]} {[%emt 00:00:23]} axb6 {[%clk 00:52:51]} {[%emt 00:00:12]}
27. Qxd5 {[%clk 00:15:07]} {[%emt 00:01:18]} Rf8 {[%clk 00:52:02]} {[%emt
00:01:20]} 28. Re1 {[%clk 00:14:09]} {[%emt 00:01:26]} f3 {[%clk 00:48:13]}
{[%emt 00:04:19]} 29. Qxf3 {[%clk 00:08:02]} {[%emt 00:06:38]} Kg8 {[%clk
00:44:49]} {[%emt 00:03:54]} 30. Qe3 {[%clk 00:07:11]} {[%emt 00:01:22]} Qf6
{[%clk 00:43:51]} {[%emt 00:01:24]} 31. Qe6+ {[%clk 00:07:05]} {[%emt
00:00:38]} Qxe6 {[%clk 00:44:05]} {[%emt 00:00:15]} 32. Rxe6 {[%clk 00:07:28]}
{[%emt 00:00:09]} Rc8 {[%clk 00:43:41]} {[%emt 00:00:53]} 33. Rxb6 {[%clk
00:07:30]} {[%emt 00:00:28]} Rxc3 {[%clk 00:44:01]} {[%emt 00:00:10]} 34. d5
{[%clk 00:07:38]} {[%emt 00:00:22]} Kf7 {[%clk 00:44:02]} {[%emt 00:00:28]} 35.
d6 {[%clk 00:07:52]} {[%emt 00:00:18]} Ke8 {[%clk 00:43:51]} {[%emt 00:00:40]}
36. Rb7 {[%clk 00:07:11]} {[%emt 00:01:11]} Ra3 {[%clk 00:43:54]} {[%emt
00:00:28]} 37. Rxg7 {[%clk 00:05:50]} {[%emt 00:01:51]} h5 {[%clk 00:43:41]}
{[%emt 00:00:42]} 38. Kh2 {[%clk 00:05:54]} {[%emt 00:00:27]} Rxa2 {[%clk
00:43:54]} {[%emt 00:00:16]} 39. f3 {[%clk 00:05:14]} {[%emt 00:01:11]} h4
{[%clk 00:44:07]} {[%emt 00:00:17]} 40. Rg4 {[%clk 00:05:06]} {[%emt 00:00:38]}
Kd7 {[%clk 00:44:21]} {[%emt 00:00:15]} 41. Rxh4 {[%clk 00:05:21]} {[%emt
00:00:14]} Kxd6 {[%clk 00:44:49]} {[%emt 00:00:03]} 42. Re4 {[%clk 00:05:36]}
{[%emt 00:00:15]} Ra5 {[%clk 00:44:29]} {[%emt 00:00:49]} 43. g4 {[%clk
00:05:48]} {[%emt 00:00:19]} Ra3 {[%clk 00:43:47]} {[%emt 00:01:11]} 44. Kg3
{[%clk 00:06:10]} {[%emt 00:00:09]} Kd7 {[%clk 00:43:23]} {[%emt 00:00:54]} 45.
h4 {[%clk 00:06:22]} {[%emt 00:00:17]} Ra5 {[%clk 00:43:21]} {[%emt 00:00:22]}
46. g5 {[%clk 00:06:04]} {[%emt 00:00:59]} Rb5 {[%clk 00:43:24]} {[%emt
00:00:26]} 47. Kg4 {[%clk 00:06:12]} {[%emt 00:00:22]} Ra5 {[%emt 00:00:43]}
48. f4 {[%clk 00:06:06]} {[%emt 00:00:09]} Kd6 {[%clk 00:43:57]} {[%emt
00:00:11]} 49. h5 {[%clk 00:06:14]} {[%emt 00:00:23]} Kd5 {[%clk 00:44:22]}
{[%emt 00:00:05]} 50. Re5+ {[%clk 00:06:37]} {[%emt 00:00:07]} 1-0

[Event "DEM U12w 2025"]
[Site "Willingen GER"]
[Date "2025.06.08"]
[Round "2"]
[White "Lüken, Juliane"]
[Black "Nehrukumar, Rithika"]
[Result "0-1"]
[Termination "normal"]
[Board "22"]
[WhiteElo "987"]
[BlackElo "1692"]
[WhiteClock "01:05:45"]
[BlackClock "01:25:43"]
[PlyCount "110"]
[WhiteFideId "533043485"]
[BlackFideId "34660550"]
[EventCountry "GER"]
[EventRounds "9"]
[EventType "swiss"]
[EventDate "2025.06.07"]

1. d4 {[%clk 01:30:54]} {[%emt 00:00:03]} d5 {[%clk 01:30:56]} {[%emt
00:00:07]} 2. Bf4 {[%clk 01:31:02]} {[%emt 00:00:21]} Bf5 {[%clk 01:31:05]}
{[%emt 00:00:22]} 3. e3 {[%clk 01:31:17]} {[%emt 00:00:15]} Nf6 {[%clk
01:31:27]} {[%emt 00:00:09]} 4. Bd3 {[%clk 01:31:19]} {[%emt 00:00:26]} Bg6
{[%clk 01:31:45]} {[%emt 00:00:13]} 5. Nf3 {[%clk 01:31:31]} {[%emt 00:00:18]}
e6 {[%clk 01:31:32]} {[%emt 00:00:43]} 6. c3 {[%clk 01:31:41]} {[%emt
00:00:18]} Bd6 {[%clk 01:31:54]} {[%emt 00:00:10]} 7. Be5 {[%clk 01:31:04]}
{[%emt 00:01:01]} Nbd7 {[%clk 01:32:09]} {[%emt 00:00:21]} 8. Nbd2 {[%clk
01:31:04]} {[%emt 00:00:29]} Bxd3 {[%clk 01:32:29]} {[%emt 00:00:11]} 9. Nb3
{[%clk 01:30:14]} {[%emt 00:01:19]} Bg6 {[%clk 01:32:39]} {[%emt 00:00:21]} 10.
Na5 {[%clk 01:29:19]} {[%emt 00:01:24]} Rb8 {[%clk 01:31:35]} {[%emt 00:01:35]}
11. O-O {[%clk 01:26:52]} {[%emt 00:02:55]} O-O {[%clk 01:27:34]} {[%emt
00:04:33]} 12. Qb3 {[%clk 01:25:56]} {[%emt 00:01:26]} Bxe5 {[%clk 01:27:19]}
{[%emt 00:00:45]} 13. Nxe5 {[%clk 01:25:26]} {[%emt 00:01:00]} Nxe5 {[%clk
01:27:41]} {[%emt 00:00:08]} 14. dxe5 {[%clk 01:25:46]} {[%emt 00:00:09]} Ne4
{[%clk 01:27:14]} {[%emt 00:00:59]} 15. Rfd1 {[%clk 01:24:33]} {[%emt
00:01:39]} h6 {[%clk 01:25:45]} {[%emt 00:02:02]} 16. f3 {[%clk 01:24:11]}
{[%emt 00:00:45]} Nc5 {[%clk 01:25:42]} {[%emt 00:00:40]} 17. Qb5 {[%clk
01:23:19]} {[%emt 00:01:20]} Qe7 {[%clk 01:24:57]} {[%emt 00:01:16]} 18. b4
{[%clk 01:22:59]} {[%emt 00:00:50]} Nd7 {[%clk 01:24:21]} {[%emt 00:01:07]} 19.
f4 {[%clk 01:22:48]} {[%emt 00:00:38]} c6 {[%clk 01:24:33]} {[%emt 00:00:21]}
20. Qe2 {[%clk 01:22:38]} {[%emt 00:00:37]} f6 {[%clk 01:24:56]} {[%emt
00:00:11]} 21. Qg4 {[%clk 01:22:27]} {[%emt 00:00:39]} Bf5 {[%clk 01:24:48]}
{[%emt 00:00:39]} 22. Qh4 {[%clk 01:22:00]} {[%emt 00:00:55]} c5 {[%clk
01:24:29]} {[%emt 00:00:52]} 23. exf6 {[%clk 01:22:09]} {[%emt 00:00:21]} Nxf6
{[%clk 01:24:26]} {[%emt 00:00:33]} 24. a3 {[%clk 01:20:26]} {[%emt 00:02:13]}
Qd6 {[%clk 01:20:49]} {[%emt 00:04:07]} 25. Nb3 {[%clk 01:20:17]} {[%emt
00:00:38]} cxb4 {[%clk 01:21:04]} {[%emt 00:00:16]} 26. axb4 {[%clk 01:20:23]}
{[%emt 00:00:23]} a6 {[%clk 01:21:27]} {[%emt 00:00:09]} 27. c4 {[%clk
01:18:48]} {[%emt 00:02:05]} Qxb4 {[%clk 01:21:31]} {[%emt 00:00:25]} 28. Nd4
{[%clk 01:17:37]} {[%emt 00:01:40]} dxc4 {[%clk 01:21:08]} {[%emt 00:00:55]}
29. Rab1 {[%clk 01:17:17]} {[%emt 00:00:49]} Bxb1 {[%clk 01:19:07]} {[%emt
00:02:31]} 30. Nxe6 {[%clk 01:17:10]} {[%emt 00:00:35]} Rfe8 {[%clk 01:17:56]}
{[%emt 00:01:43]} 31. f5 {[%clk 01:16:32]} {[%emt 00:01:08]} Bxf5 {[%clk
01:18:14]} {[%emt 00:00:11]} 32. Nd4 {[%clk 01:16:20]} {[%emt 00:00:42]} Bd3
{[%clk 01:18:14]} {[%emt 00:00:31]} 33. Qe1 {[%clk 01:13:49]} {[%emt 00:02:51]}
Qxe1+ {[%clk 01:17:47]} {[%emt 00:01:07]} 34. Rxe1 {[%clk 01:14:16]} {[%emt
00:00:02]} Rbc8 {[%clk 01:18:02]} {[%emt 00:00:16]} 35. Kf2 {[%clk 01:13:12]}
{[%emt 00:01:33]} c3 {[%clk 01:18:20]} {[%emt 00:00:13]} 36. Rc1 {[%clk
01:13:19]} {[%emt 00:00:21]} Ne4+ {[%clk 01:18:28]} {[%emt 00:00:24]} 37. Kf3
{[%clk 01:12:55]} {[%emt 00:00:51]} Rf8+ {[%clk 01:18:48]} {[%emt 00:00:13]}
38. Kg4 {[%clk 01:12:37]} {[%emt 00:00:44]} g6 {[%clk 01:18:38]} {[%emt
00:00:44]} 39. Ne6 {[%clk 01:11:26]} {[%emt 00:01:37]} Nf2+ {[%clk 01:18:59]}
{[%emt 00:00:13]} 40. Kg3 {[%clk 01:11:17]} {[%emt 00:00:37]} Rf6 {[%clk
01:19:26]} {[%emt 00:00:06]} 41. Nd4 {[%clk 01:09:50]} {[%emt 00:01:53]} c2
{[%clk 01:19:40]} {[%emt 00:00:19]} 42. Nb3 {[%clk 01:06:49]} {[%emt 00:03:30]}
Ne4+ {[%clk 01:19:27]} {[%emt 00:00:45]} 43. Kg4 {[%clk 01:06:46]} {[%emt
00:00:28]} Rf1 {[%clk 01:19:47]} {[%emt 00:00:14]} 44. Rxf1 {[%clk 01:05:57]}
{[%emt 00:01:19]} Bxf1 {[%clk 01:20:12]} {[%emt 00:00:05]} 45. Kf4 {[%clk
01:05:42]} {[%emt 00:00:38]} Bxg2 {[%clk 01:20:33]} {[%emt 00:00:16]} 46. Ke5
{[%clk 01:05:43]} {[%emt 00:00:24]} c1=Q {[%clk 01:20:58]} {[%emt 00:00:09]}
47. Nxc1 {[%clk 01:05:47]} {[%emt 00:00:27]} Rxc1 {[%clk 01:21:22]} {[%emt
00:00:06]} 48. Kd4 {[%clk 01:05:44]} {[%emt 00:00:28]} b5 {[%emt 00:00:09]} 49.
Kd3 {[%clk 01:05:37]} {[%emt 00:00:36]} b4 {[%clk 01:24:12]} {[%emt 00:01:45]}
50. Kd4 {[%clk 01:05:45]} {[%emt 00:01:03]} b3 {[%clk 01:24:36]} {[%emt
00:00:08]} 51. Kd5 {[%clk 01:05:57]} {[%emt 00:00:17]} Nf6+ {[%clk 01:24:48]}
{[%emt 00:00:19]} 52. Ke5 {[%clk 01:05:43]} {[%emt 00:00:42]} Kf7 {[%clk
01:25:05]} {[%emt 00:00:14]} 53. Kf4 {[%clk 01:05:51]} {[%emt 00:00:22]} g5+
{[%clk 01:25:16]} {[%emt 00:00:20]} 54. Ke5 {[%clk 01:05:45]} {[%emt 00:00:34]}
b2 {[%clk 01:25:43]} {[%emt 00:00:05]} 55. Kd4 {[%emt 00:00:50]} b1=Q {[%emt
00:01:03]} 0-1

[Event "DEM U12w 2025"]
[Site "Willingen GER"]
[Date "2025.06.09"]
[Round "3"]
[White "Schirmbeck, Lilian"]
[Black "Klymenko, Maria"]
[Result "1-0"]
[Termination "normal"]
[Board "1"]
[WhiteTitle "WCM"]
[WhiteElo "1712"]
[BlackElo "1728"]
[WhiteClock "00:43:52"]
[BlackClock "00:54:21"]
[PlyCount "49"]
[WhiteFideId "34620532"]
[BlackFideId "34620621"]
[EventCountry "GER"]
[EventRounds "9"]
[EventType "swiss"]
[EventDate "2025.06.07"]

1. d4 {[%clk 01:30:56]} {[%emt 00:00:03]} d5 {[%clk 01:30:54]} {[%emt
00:00:06]} 2. Nf3 {[%clk 01:30:34]} {[%emt 00:00:53]} Nc6 {[%clk 01:30:56]}
{[%emt 00:00:28]} 3. c4 {[%clk 01:26:04]} {[%emt 00:05:01]} Bg4 {[%clk
01:30:55]} {[%emt 00:00:30]} 4. Nc3 {[%clk 01:13:57]} {[%emt 00:12:37]} Bxf3
{[%clk 01:28:59]} {[%emt 00:02:25]} 5. exf3 {[%clk 01:09:44]} {[%emt 00:04:43]}
dxc4 {[%clk 01:27:29]} {[%emt 00:02:00]} 6. d5 {[%clk 01:08:57]} {[%emt
00:01:18]} Ne5 {[%clk 01:26:16]} {[%emt 00:01:41]} 7. Bf4 {[%clk 01:03:32]}
{[%emt 00:05:57]} Ng6 {[%clk 01:25:40]} {[%emt 00:01:04]} 8. Bg3 {[%clk
01:03:38]} {[%emt 00:00:26]} Nf6 {[%clk 01:14:09]} {[%emt 00:12:00]} 9. Bxc4
{[%clk 01:00:48]} {[%emt 00:03:21]} a6 {[%clk 01:11:51]} {[%emt 00:02:48]} 10.
O-O {[%clk 00:56:31]} {[%emt 00:04:47]} Nh5 {[%clk 01:10:29]} {[%emt 00:01:50]}
11. Qb3 {[%clk 00:53:08]} {[%emt 00:03:55]} b5 {[%clk 01:08:22]} {[%emt
00:02:36]} 12. Nxb5 {[%clk 00:49:06]} {[%emt 00:04:32]} Nxg3 {[%clk 01:07:03]}
{[%emt 00:01:49]} 13. hxg3 {[%clk 00:46:57]} {[%emt 00:02:39]} Rb8 {[%clk
01:05:37]} {[%emt 00:01:56]} 14. Qa4 {[%clk 00:46:37]} {[%emt 00:00:51]} axb5
{[%clk 01:05:04]} {[%emt 00:01:02]} 15. Bxb5+ {[%clk 00:46:27]} {[%emt
00:00:40]} Rxb5 {[%clk 01:05:28]} {[%emt 00:00:06]} 16. Qxb5+ {[%clk 00:46:38]}
{[%emt 00:00:19]} Qd7 {[%clk 01:05:49]} {[%emt 00:00:09]} 17. Qb8+ {[%clk
00:45:33]} {[%emt 00:01:36]} Qd8 {[%clk 01:06:10]} {[%emt 00:00:08]} 18. Qb7
{[%clk 00:45:48]} {[%emt 00:00:14]} Ne5 {[%clk 01:05:23]} {[%emt 00:01:15]} 19.
Rfc1 {[%clk 00:45:12]} {[%emt 00:01:09]} f6 {[%clk 00:59:21]} {[%emt 00:06:32]}
20. Rxc7 {[%clk 00:42:57]} {[%emt 00:02:46]} Kf7 {[%clk 00:59:01]} {[%emt
00:00:49]} 21. f4 {[%clk 00:42:54]} {[%emt 00:00:34]} Ng4 {[%clk 00:58:25]}
{[%emt 00:01:00]} 22. Qc6 {[%clk 00:42:58]} {[%emt 00:00:32]} Nh6 {[%clk
00:56:43]} {[%emt 00:02:11]} 23. Rc8 {[%clk 00:43:04]} {[%emt 00:00:25]} Qd6
{[%clk 00:53:55]} {[%emt 00:03:17]} 24. Qe8+ {[%clk 00:43:27]} {[%emt
00:00:07]} Kg8 {[%clk 00:54:21]} {[%emt 00:00:04]} 25. Qxf8# {[%clk 00:43:52]}
{[%emt 00:00:06]} 1-0

[Event "DEM U12w 2025"]
[Site "Willingen GER"]
[Date "2025.06.09"]
[Round "3"]
[White "Lukas, Olivia"]
[Black "Shynkar, Daria"]
[Result "0-1"]
[Termination "normal"]
[Board "3"]
[WhiteElo "1585"]
[BlackElo "1733"]
[WhiteClock "00:03:13"]
[BlackClock "00:05:41"]
[PlyCount "80"]
[WhiteFideId "34632239"]
[BlackFideId "34163212"]
[EventCountry "GER"]
[EventRounds "9"]
[EventType "swiss"]
[EventDate "2025.06.07"]

1. e4 {[%clk 01:30:53]} {[%emt 00:00:07]} e6 {[%clk 01:30:53]} {[%emt
00:00:08]} 2. d4 {[%clk 01:31:20]} {[%emt 00:00:03]} d5 {[%clk 01:31:20]}
{[%emt 00:00:04]} 3. e5 {[%clk 01:31:46]} {[%emt 00:00:03]} c5 {[%clk
01:31:41]} {[%emt 00:00:09]} 4. c3 {[%clk 01:32:13]} {[%emt 00:00:04]} Qb6
{[%clk 01:32:05]} {[%emt 00:00:05]} 5. Nf3 {[%clk 01:32:38]} {[%emt 00:00:05]}
Bd7 {[%clk 01:31:43]} {[%emt 00:00:52]} 6. Be2 {[%clk 01:32:56]} {[%emt
00:00:11]} Bb5 {[%clk 01:32:06]} {[%emt 00:00:08]} 7. O-O {[%clk 01:32:00]}
{[%emt 00:01:25]} Bxe2 {[%clk 01:32:32]} {[%emt 00:00:05]} 8. Qxe2 {[%clk
01:32:22]} {[%emt 00:00:07]} Qa6 {[%clk 01:32:59]} {[%emt 00:00:03]} 9. Qc2
{[%clk 01:31:43]} {[%emt 00:01:09]} Nc6 {[%clk 01:30:52]} {[%emt 00:02:37]} 10.
Be3 {[%clk 01:31:03]} {[%emt 00:01:10]} cxd4 {[%clk 01:25:05]} {[%emt
00:06:18]} 11. cxd4 {[%clk 01:31:16]} {[%emt 00:00:16]} Nge7 {[%clk 01:24:46]}
{[%emt 00:00:50]} 12. Nc3 {[%clk 01:21:08]} {[%emt 00:10:37]} Ng6 {[%clk
01:09:23]} {[%emt 00:15:53]} 13. Rfd1 {[%clk 01:13:29]} {[%emt 00:08:09]} Be7
{[%clk 01:06:08]} {[%emt 00:03:46]} 14. Ng5 {[%clk 00:52:21]} {[%emt 00:21:37]}
Bxg5 {[%clk 01:05:04]} {[%emt 00:01:34]} 15. Bxg5 {[%clk 00:52:27]} {[%emt
00:00:24]} O-O {[%clk 01:03:28]} {[%emt 00:02:07]} 16. a3 {[%clk 00:37:14]}
{[%emt 00:15:43]} Rac8 {[%clk 00:59:04]} {[%emt 00:04:54]} 17. Qd2 {[%clk
00:33:08]} {[%emt 00:04:35]} Na5 {[%clk 00:57:07]} {[%emt 00:02:28]} 18. Qc2
{[%clk 00:29:40]} {[%emt 00:03:57]} Qc4 {[%clk 00:52:58]} {[%emt 00:04:37]} 19.
Be3 {[%clk 00:26:00]} {[%emt 00:04:12]} Nb3 {[%clk 00:50:55]} {[%emt 00:02:33]}
20. Rab1 {[%clk 00:26:19]} {[%emt 00:00:11]} Rfd8 {[%clk 00:46:20]} {[%emt
00:05:05]} 21. f4 {[%clk 00:23:36]} {[%emt 00:03:13]} Ne7 {[%clk 00:45:11]}
{[%emt 00:01:39]} 22. Qf2 {[%clk 00:22:13]} {[%emt 00:01:53]} b5 {[%clk
00:39:25]} {[%emt 00:06:17]} 23. g4 {[%clk 00:19:48]} {[%emt 00:02:54]} Rf8
{[%clk 00:31:55]} {[%emt 00:08:00]} 24. h4 {[%clk 00:17:38]} {[%emt 00:02:41]}
f5 {[%clk 00:30:04]} {[%emt 00:02:21]} 25. exf6 {[%clk 00:14:46]} {[%emt
00:03:21]} Rxf6 {[%clk 00:27:37]} {[%emt 00:02:57]} 26. g5 {[%clk 00:14:49]}
{[%emt 00:00:27]} Rf5 {[%clk 00:27:00]} {[%emt 00:01:07]} 27. Qg3 {[%clk
00:14:54]} {[%emt 00:00:25]} Nc6 {[%clk 00:25:02]} {[%emt 00:02:28]} 28. g6
{[%clk 00:13:51]} {[%emt 00:01:33]} Ncxd4 {[%clk 00:19:22]} {[%emt 00:06:10]}
29. Bxd4 {[%clk 00:10:12]} {[%emt 00:04:09]} Nxd4 {[%clk 00:19:45]} {[%emt
00:00:08]} 30. Rbc1 {[%clk 00:10:37]} {[%emt 00:00:05]} Nb3 {[%clk 00:18:59]}
{[%emt 00:01:16]} 31. Nxd5 {[%clk 00:10:06]} {[%emt 00:01:01]} Nxc1 {[%clk
00:18:11]} {[%emt 00:01:17]} 32. Ne7+ {[%clk 00:10:28]} {[%emt 00:00:08]} Kh8
{[%clk 00:14:10]} {[%emt 00:04:31]} 33. Nxc8 {[%clk 00:09:02]} {[%emt
00:01:57]} Qxc8 {[%clk 00:13:37]} {[%emt 00:01:02]} 34. Qe3 {[%clk 00:09:08]}
{[%emt 00:00:23]} Rc5 {[%clk 00:12:16]} {[%emt 00:01:53]} 35. h5 {[%clk
00:07:45]} {[%emt 00:01:52]} Rc2 {[%clk 00:08:52]} {[%emt 00:03:54]} 36. f5
{[%clk 00:05:31]} {[%emt 00:02:45]} Ne2+ {[%clk 00:06:04]} {[%emt 00:03:18]}
37. Kf1 {[%clk 00:05:24]} {[%emt 00:00:36]} Qa8 {[%clk 00:06:23]} {[%emt
00:00:12]} 38. Qe5 {[%clk 00:02:24]} {[%emt 00:03:29]} Ng3+ {[%clk 00:04:55]}
{[%emt 00:01:58]} 39. Qxg3 {[%clk 00:02:48]} {[%emt 00:00:06]} Qh1+ {[%clk
00:05:17]} {[%emt 00:00:08]} 40. Qg1 {[%clk 00:03:13]} {[%emt 00:00:04]} Qf3+
{[%clk 00:05:41]} {[%emt 00:00:06]} 0-1

[Event "DEM U12w 2025"]
[Site "Willingen GER"]
[Date "2025.06.09"]
[Round "3"]
[White "Ratushna, Olha"]
[Black "Tischlinger, Lara"]
[Result "0-1"]
[Termination "normal"]
[Board "4"]
[WhiteElo "1734"]
[BlackElo "1592"]
[WhiteClock "00:49:03"]
[BlackClock "00:23:32"]
[PlyCount "48"]
[WhiteFideId "34172602"]
[BlackFideId "34663401"]
[EventCountry "GER"]
[EventRounds "9"]
[EventType "swiss"]
[EventDate "2025.06.07"]

1. e4 {[%clk 01:30:57]} {[%emt 00:00:02]} c6 {[%clk 01:30:54]} {[%emt
00:00:07]} 2. Nf3 {[%clk 01:31:22]} {[%emt 00:00:05]} d5 {[%clk 01:31:14]}
{[%emt 00:00:09]} 3. Nc3 {[%clk 01:31:50]} {[%emt 00:00:03]} dxe4 {[%clk
01:31:20]} {[%emt 00:00:24]} 4. Nxe4 {[%clk 01:32:17]} {[%emt 00:00:02]} Nf6
{[%clk 01:31:38]} {[%emt 00:00:11]} 5. Qe2 {[%clk 01:32:42]} {[%emt 00:00:06]}
Nxe4 {[%clk 01:32:04]} {[%emt 00:00:04]} 6. Qxe4 {[%clk 01:33:06]} {[%emt
00:00:06]} Be6 {[%clk 01:30:55]} {[%emt 00:01:39]} 7. c3 {[%clk 01:33:04]}
{[%emt 00:00:32]} Bd5 {[%clk 01:28:36]} {[%emt 00:02:49]} 8. Qe2 {[%clk
01:32:15]} {[%emt 00:01:10]} Nd7 {[%clk 01:20:37]} {[%emt 00:08:39]} 9. d4
{[%clk 01:32:17]} {[%emt 00:00:26]} g6 {[%clk 01:20:31]} {[%emt 00:00:37]} 10.
Ne5 {[%clk 01:31:00]} {[%emt 00:01:37]} Bg7 {[%clk 01:19:56]} {[%emt 00:01:16]}
11. Nxd7 {[%clk 01:29:00]} {[%emt 00:02:29]} Qxd7 {[%clk 01:19:58]} {[%emt
00:00:29]} 12. Bf4 {[%clk 01:28:43]} {[%emt 00:00:41]} O-O {[%clk 01:12:00]}
{[%emt 00:08:33]} 13. h4 {[%clk 01:26:00]} {[%emt 00:03:12]} Qf5 {[%clk
01:01:03]} {[%emt 00:11:28]} 14. Qd2 {[%clk 01:19:00]} {[%emt 00:07:12]} e5
{[%clk 00:50:04]} {[%emt 00:11:48]} 15. dxe5 {[%clk 01:14:15]} {[%emt
00:05:14]} Bxe5 {[%clk 00:49:44]} {[%emt 00:00:51]} 16. Be3 {[%clk 01:07:53]}
{[%emt 00:06:36]} Rad8 {[%clk 00:45:02]} {[%emt 00:05:28]} 17. Bd3 {[%clk
00:59:45]} {[%emt 00:08:35]} Be4 {[%clk 00:40:18]} {[%emt 00:05:16]} 18. Bxe4
{[%clk 00:56:41]} {[%emt 00:03:33]} Qxe4 {[%clk 00:39:57]} {[%emt 00:00:52]}
19. f3 {[%clk 00:54:55]} {[%emt 00:02:15]} Rxd2 {[%clk 00:29:30]} {[%emt
00:10:57]} 20. fxe4 {[%clk 00:55:18]} {[%emt 00:00:08]} Rxb2 {[%clk 00:29:35]}
{[%emt 00:00:26]} 21. O-O {[%clk 00:50:45]} {[%emt 00:05:02]} Bxc3 {[%clk
00:26:34]} {[%emt 00:03:31]} 22. Bxa7 {[%clk 00:50:48]} {[%emt 00:00:28]} Rd2
{[%clk 00:24:31]} {[%emt 00:02:33]} 23. Rab1 {[%clk 00:48:51]} {[%emt
00:02:25]} Rxa2 {[%clk 00:23:46]} {[%emt 00:01:16]} 24. Rxb7 {[%clk 00:49:03]}
{[%emt 00:00:19]} Rxa7 {[%clk 00:23:32]} {[%emt 00:00:43]} 0-1

[Event "DEM U12w 2025"]
[Site "Willingen GER"]
[Date "2025.06.09"]
[Round "3"]
[White "Chen, Yuefan"]
[Black "Szymil, Alicja"]
[Result "1-0"]
[Termination "normal"]
[Board "5"]
[WhiteElo "1754"]
[BlackElo "1476"]
[WhiteClock "00:48:35"]
[BlackClock "01:13:50"]
[PlyCount "25"]
[WhiteFideId "34653910"]
[BlackFideId "34654240"]
[EventCountry "GER"]
[EventRounds "9"]
[EventType "swiss"]
[EventDate "2025.06.07"]

1. d4 {[%clk 01:30:57]} {[%emt 00:00:03]} d5 {[%clk 01:30:55]} {[%emt
00:00:05]} 2. Nf3 {[%clk 01:31:08]} {[%emt 00:00:19]} Nf6 {[%clk 01:31:02]}
{[%emt 00:00:22]} 3. c4 {[%clk 01:30:42]} {[%emt 00:00:57]} c6 {[%clk
01:31:17]} {[%emt 00:00:15]} 4. Nc3 {[%clk 01:30:34]} {[%emt 00:00:38]} Bf5
{[%clk 01:30:55]} {[%emt 00:00:52]} 5. cxd5 {[%clk 01:30:14]} {[%emt 00:00:51]}
cxd5 {[%clk 01:30:49]} {[%emt 00:00:35]} 6. Qb3 {[%clk 01:29:50]} {[%emt
00:00:54]} b6 {[%clk 01:28:22]} {[%emt 00:02:57]} 7. Bf4 {[%clk 01:28:52]}
{[%emt 00:01:28]} Nc6 {[%clk 01:23:55]} {[%emt 00:04:58]} 8. Nb5 {[%clk
01:23:43]} {[%emt 00:05:39]} Rc8 {[%clk 01:22:35]} {[%emt 00:01:49]} 9. Qa4
{[%clk 00:57:46]} {[%emt 00:26:27]} Qd7 {[%clk 01:19:58]} {[%emt 00:03:07]} 10.
Rc1 {[%clk 00:55:16]} {[%emt 00:03:01]} g6 {[%clk 01:16:48]} {[%emt 00:03:39]}
11. Ne5 {[%clk 00:48:00]} {[%emt 00:07:46]} Nxe5 {[%clk 01:13:44]} {[%emt
00:03:33]} 12. Rxc8+ {[%clk 00:48:25]} {[%emt 00:00:06]} Qxc8 {[%clk 01:13:50]}
{[%emt 00:00:24]} 13. Nd6+ {[%clk 00:48:35]} {[%emt 00:00:20]} 1-0